[Event "Reykjavik Open 2015"]
[Site "Reykjavik ISL"]
[Date "2015.03.14"]
[Round "6.63"]
[White "Morshedi, Ali"]
[Black "Edvardsen, Ragnar"]
[Result "1-0"]
[WhiteTitle "FM"]
[WhiteElo "2221"]
[BlackElo "2001"]
[WhiteFideId "2021730"]
[BlackFideId "1502719"]
[EventDate "2015.03.10"]

1. d4 Nf6 2. Nc3 d5 3. Bg5 e6 4. e4 Be7 5. e5 Nfd7 6. h4 c5 7. Bxe7 Qxe7 8. Nb5
Kd8 9. c3 Nc6 10. Nd6 f6 11. f4 Rf8 12. Nf3 a6 13. Be2 Kc7 14. O-O cxd4 15. cxd4
Nb6 16. b4 Bd7 17. b5 axb5 18. Nxb5+ Kb8 19. Rb1 Nc8 20. Qc2 Be8 21. Rb2 Rf7 22.
Rfb1 N6a7 23. Nc3 Qa3 24. Rb3 Qa5 25. Qxh7 Rc7 26. exf6 Nb6 27. fxg7 Bf7 28.
Rxb6 Qxc3 29. g8=Q+ Bxg8 30. Rxb7+ 1-0

[Event "Reykjavik Open 2015"]
[Site "Reykjavik ISL"]
[Date "2015.03.14"]
[Round "6.64"]
[White "Haraldsson, Haraldur"]
[Black "Bjerke, Richard"]
[Result "1/2-1/2"]
[BlackTitle "FM"]
[WhiteElo "1948"]
[BlackElo "2180"]
[WhiteFideId "2311100"]
[BlackFideId "1500252"]
[EventDate "2015.03.10"]

1. Nf3 Nf6 2. c4 e6 3. g3 d5 4. Bg2 Be7 5. O-O O-O 6. b3 d4 7. d3 c5 8. e4 dxe3
9. Bxe3 Ng4 10. Nc3 Nxe3 11. fxe3 Bf6 12. Rc1 Bxc3 13. Rxc3 Nc6 14. d4 Qa5 15.
Rc2 Bd7 16. Rcf2 Rad8 17. d5 Ne7 18. e4 exd5 19. Ne5 Be8 20. cxd5 b5 21. Qc2 Qc7
22. Nd3 c4 23. Nf4 Bd7 24. h3 Rc8 25. Rc1 Ng6 26. Nxg6 hxg6 27. Kh2 Qb6 28. Rcf1
Qd4 29. bxc4 bxc4 30. Rd1 Qe5 31. Rc1 f6 32. Qc3 Qd6 33. Qd4 Qb6 34. Rd2 c3 35.
Rd3 Qxd4 36. Rxd4 Rc5 37. Bf1 Rfc8 38. Rc2 Kf8 39. Kg1 Ke7 40. Rb4 Kd6 41. Kf2
a5 42. Rd4 Rb8 43. h4 f5 44. Bd3 fxe4 45. Bxe4 Bf5 46. Ke3 Re8 47. Kf4 Re5 48.
Bxf5 gxf5 49. Rd3 Rc4+ 50. Kf3 1/2-1/2

[Event "Reykjavik Open 2015"]
[Site "Reykjavik ISL"]
[Date "2015.03.14"]
[Round "6.65"]
[White "Korning, Peter"]
[Black "Thorgeirsson, Jon Kristinn"]
[Result "0-1"]
[WhiteElo "1944"]
[BlackElo "2177"]
[WhiteFideId "1723332"]
[BlackFideId "2307731"]
[EventDate "2015.03.10"]

1. e4 e5 2. Nf3 Nc6 3. Be2 Bc5 4. d3 Nf6 5. O-O d5 6. Nbd2 O-O 7. c3 Bb6 8. Qc2
Bg4 9. h3 Bh5 10. a3 a5 11. b3 Re8 12. Bb2 Qe7 13. b4 Rad8 14. b5 Nb8 15. a4 c5
16. c4 d4 17. Qd1 Bxf3 18. Bxf3 Kh8 19. g3 Rg8 20. Kg2 Rd6 21. Rh1 g5 22. Qe2
Nbd7 23. Rag1 Bd8 24. Kf1 Nb6 25. Qd1 Qf8 26. Ke1 Qg7 27. g4 Ne8 28. Nf1 Nc7 29.
Ng3 Qf8 30. Nf5 Rf6 31. Bc1 Ne6 32. Rh2 Qe8 33. Rgh1 Nf4 34. Bxf4 exf4 35. Kd2
Re6 36. h4 gxh4 37. Nxh4 Bxh4 38. Rxh4 Rg7 39. R1h2 Qe7 40. Qh1 f6 41. Rh5 Qc7
42. e5 Rxe5 43. Rxe5 fxe5 44. Be4 Nxa4 45. g5 Nc3 46. g6 a4 47. Rxh7+ Rxh7 48.
gxh7 a3 49. Bxb7 a2 0-1

[Event "Reykjavik Open 2015"]
[Site "Reykjavik ISL"]
[Date "2015.03.14"]
[Round "6.66"]
[White "Byron, Alan M"]
[Black "Carlsen, Henrik"]
[Result "1-0"]
[WhiteElo "2172"]
[BlackElo "1986"]
[WhiteFideId "401773"]
[BlackFideId "1502832"]
[EventDate "2015.03.10"]

1. e4 e5 2. Nf3 Nc6 3. Bb5 Nf6 4. Qe2 Bc5 5. d3 Nd4 6. Nxd4 Bxd4 7. c3 Bb6 8.
Bg5 h6 9. Bh4 c6 10. Ba4 O-O 11. Nd2 d6 12. O-O-O Be6 13. Bc2 a5 14. Bb1 a4 15.
f3 Bc7 16. g4 g5 17. Bf2 Kg7 18. h4 Nd7 19. hxg5 hxg5 20. Rh5 f6 21. Rdh1 Kf7
22. d4 Ke8 23. Nc4 Qe7 24. Ne3 exd4 25. cxd4 d5 26. exd5 Bxd5 27. Rh7 Bf7 28.
Re1 Kd8 29. Nf5 Qxe2 30. Rxe2 Ra5 31. Be1 Bf4+ 32. Bd2 Bxd2+ 33. Kxd2 Rb5 34.
Kc1 Re8 35. Rxe8+ Bxe8 36. Rh8 Rd5 37. Be4 Rxf5 38. Bxf5 Ke7 39. Bc2 b5 40. Be4
Nb6 41. Rxe8+ Kxe8 42. Bxc6+ Ke7 43. Bxb5 Kd6 44. Kd2 Ke6 45. Kd3 f5 46. a3 fxg4
47. fxg4 Kd5 48. Be8 Kd6 49. Ke4 Ke6 50. Bc6 Kd6 51. Bb5 Ke6 52. d5+ Kd6 53. Kd4
Nxd5 54. Bxa4 Nf6 55. Bd1 Nd5 56. Bf3 Nf4 57. a4 Ne6+ 58. Kc4 Ke5 59. a5 1-0

[Event "Reykjavik Open 2015"]
[Site "Reykjavik ISL"]
[Date "2015.03.14"]
[Round "6.67"]
[White "Andersen, Niels Erik"]
[Black "Loftsson, Hrafn"]
[Result "0-1"]
[WhiteElo "1900"]
[BlackElo "2171"]
[WhiteFideId "1406507"]
[BlackFideId "2300729"]
[EventDate "2015.03.10"]

1. d4 d5 2. c4 c6 3. Nf3 Nf6 4. Nc3 e6 5. Bg5 h6 6. Bh4 dxc4 7. a4 Bb4 8. Qc2
Nbd7 9. e3 b5 10. Be2 Bb7 11. O-O a6 12. b3 cxb3 13. Qxb3 Be7 14. Rfd1 O-O 15.
Ne5 Nxe5 16. dxe5 Nd7 17. Bg3 Nc5 18. Qc2 Qb6 19. Ne4 Nxe4 20. Qxe4 c5 21. Qg4
Rfd8 22. Bf4 Kf8 23. Bd3 c4 24. Bxh6 gxh6 25. Bh7 Ke8 26. Qg8+ Bf8 27. Bg6 Qc7
28. Rd6 Rxd6 29. exd6 Qd7 30. Bh5 c3 31. e4 b4 32. e5 c2 33. Qh7 Rc8 34. Bxf7+
Qxf7 35. d7+ Qxd7 0-1

[Event "Reykjavik Open 2015"]
[Site "Reykjavik ISL"]
[Date "2015.03.14"]
[Round "6.68"]
[White "Hardarson, Jon Trausti"]
[Black "Mehringer, Joerg"]
[Result "1/2-1/2"]
[WhiteElo "2170"]
[BlackElo "1955"]
[WhiteFideId "2302594"]
[BlackFideId "12915351"]
[EventDate "2015.03.10"]

1. d4 Nf6 2. c4 e6 3. g3 Bb4+ 4. Nd2 O-O 5. Bg2 d6 6. Nf3 Nbd7 7. a3 Bxd2+ 8.
Nxd2 Qe7 9. O-O c6 10. b4 Re8 11. e4 e5 12. d5 a5 13. Bb2 Nf8 14. Nb3 cxd5 15.
exd5 b6 16. bxa5 bxa5 17. Bc3 a4 18. Na5 Qc7 19. Nc6 N8d7 20. Bb4 e4 21. f3 e3
22. Re1 Bb7 23. Qd4 Bxc6 24. dxc6 Nc5 25. Bxc5 dxc5 26. Qxc5 Ra5 27. Qb4 e2 28.
f4 Qa7+ 29. c5 Rxc5 30. Qd4 Qa5 31. Rab1 h6 32. Qb4 Qa7 33. Qb6 Qe7 34. Rxe2
Qxe2 35. Qxc5 Ne4 36. Qb6 Nd2 37. Rc1 Nf3+ 38. Kh1 Ne1 39. Qg1 Qd2 40. Rb1 Nxg2
41. Qxg2 Re1+ 42. Rxe1 Qxe1+ 43. Qg1 Qe4+ 44. Qg2 Qe1+ 45. Qg1 1/2-1/2

[Event "Reykjavik Open 2015"]
[Site "Reykjavik ISL"]
[Date "2015.03.14"]
[Round "6.69"]
[White "Brzezinski, Adam"]
[Black "Hauksson, Hordur Aron"]
[Result "1-0"]
[WhiteElo "2150"]
[BlackElo "1853"]
[WhiteFideId "1710460"]
[BlackFideId "2303680"]
[EventDate "2015.03.10"]

1. d4 Nf6 2. c4 e6 3. Nc3 Bb4 4. e3 d5 5. a3 Bxc3+ 6. bxc3 O-O 7. cxd5 exd5 8.
Bd3 b6 9. Ne2 c5 10. O-O Ba6 11. Bxa6 Nxa6 12. Ng3 Re8 13. f3 Rc8 14. Ra2 h5 15.
Raf2 Qd7 16. Qd3 Nc7 17. Nf5 Nb5 18. Bb2 c4 19. Qb1 g6 20. a4 Nc7 21. Nh4 Rxe3
22. Bc1 Rxc3 23. Bg5 Rb3 24. Qc2 Kg7 25. g4 hxg4 26. Bxf6+ Kxf6 27. fxg4+ Kg7
28. Rxf7+ Qxf7 29. Rxf7+ Kxf7 30. Qxg6+ Ke7 31. Nf5+ Kd7 32. Qd6+ 1-0

[Event "Reykjavik Open 2015"]
[Site "Reykjavik ISL"]
[Date "2015.03.14"]
[Round "6.70"]
[White "Karlsson, Mikael Johann"]
[Black "Densing, Gerd"]
[Result "1-0"]
[WhiteElo "2138"]
[BlackElo "1903"]
[WhiteFideId "2305194"]
[BlackFideId "24621013"]
[EventDate "2015.03.10"]

1. c4 b6 2. Nf3 Bb7 3. g3 e6 4. Bg2 f5 5. O-O Nf6 6. d3 Be7 7. Nc3 O-O 8. Re1
Qc8 9. e4 fxe4 10. dxe4 Bc5 11. Be3 Bb4 12. Bd4 Bxc3 13. Bxc3 Bxe4 14. Bxf6 Bxf3
15. Bxf3 c6 16. Be7 Rf7 17. Bd6 Na6 18. Bg2 Nc7 19. Qd2 Ne8 20. b3 Nxd6 21. Qxd6
Qd8 22. Rad1 Qf6 23. f4 Raf8 24. Qe5 Qe7 25. Rd6 Rf5 26. Qd4 R8f7 27. Rd1 c5 28.
Qd2 1-0

[Event "Reykjavik Open 2015"]
[Site "Reykjavik ISL"]
[Date "2015.03.14"]
[Round "6.71"]
[White "Moller, Agnar T"]
[Black "Rueger, Erhard"]
[Result "1/2-1/2"]
[WhiteElo "1806"]
[BlackElo "2133"]
[WhiteFideId "2303469"]
[BlackFideId "4609611"]
[EventDate "2015.03.10"]

1. Nf3 c5 2. b3 Nf6 3. Bb2 e6 4. e3 Be7 5. g3 b6 6. Bg2 Bb7 7. O-O O-O 8. c4 d6
9. Nc3 Nbd7 10. d4 a6 11. Re1 Qc7 12. e4 cxd4 13. Nxd4 Rac8 14. Qe2 Qb8 15. Rad1
Rfd8 16. Na4 Ba8 17. Rd2 Nc5 18. Nc3 Bf8 19. Red1 Bb7 20. Nc2 Qa7 21. f3 Qb8 22.
Ne3 Bc6 23. Ba3 Be7 24. Bxc5 dxc5 25. Rxd8+ Rxd8 26. Kf2 b5 27. Rxd8+ Bxd8 28.
Qd3 Be7 29. Bf1 b4 30. Ne2 Nd7 31. Bg2 Qe5 32. f4 Qb2 33. e5 Nb8 34. Qc2 Qxc2
35. Nxc2 Bxg2 36. Kxg2 Nc6 37. Ne1 Kf8 38. Nd3 Ke8 39. g4 g6 40. Ng3 Nb8 1/2-1/2

[Event "Reykjavik Open 2015"]
[Site "Reykjavik ISL"]
[Date "2015.03.14"]
[Round "6.72"]
[White "Weichelt, Jens"]
[Black "Simpson, Ben"]
[Result "0-1"]
[WhiteElo "2132"]
[BlackElo "1843"]
[WhiteFideId "4637771"]
[BlackFideId "444405"]
[EventDate "2015.03.10"]

1. d4 Nf6 2. c4 g6 3. Nc3 d5 4. cxd5 Nxd5 5. e3 Bg7 6. Bc4 Nxc3 7. bxc3 O-O 8.
Nf3 c5 9. O-O b6 10. dxc5 Bb7 11. Qb3 Nc6 12. Rd1 Qc8 13. Be2 bxc5 14. Ba3 Ne5
15. Nxe5 Bxe5 16. Rab1 Rb8 17. Qc4 Qf5 18. Bd3 Qh5 19. f4 Bd6 20. Be2 Qf5 21.
Rb2 Be4 22. g4 Qe6 23. Qxe6 fxe6 24. Bc4 Kf7 25. Rdd2 Rb6 26. h3 Kf6 27. Rb3
Rfb8 28. Rdb2 Bd5 29. Rxb6 axb6 30. Bd3 Ra8 31. e4 Rxa3 32. exd5 exd5 33. f5
Rxc3 34. Bb1 Rxh3 35. fxg6 hxg6 36. Rxb6 c4 37. Kf2 Ke5 38. Kg2 Ra3 39. Bxg6
Rxa2+ 40. Kf3 Ra3+ 41. Ke2 Kf4 42. Bf7 Ra2+ 43. Ke1 Ke3 44. Kd1 Kd3 45. Kc1 Ra1+ 0-1

[Event "Reykjavik Open 2015"]
[Site "Reykjavik ISL"]
[Date "2015.03.14"]
[Round "6.73"]
[White "Sigeman, Johan"]
[Black "Jonsson, Pall G"]
[Result "1-0"]
[WhiteElo "2123"]
[BlackElo "1833"]
[WhiteFideId "1705601"]
[BlackFideId "2303205"]
[EventDate "2015.03.10"]

1. d4 g6 2. e4 Bg7 3. Nc3 d6 4. g3 Nf6 5. Bg2 O-O 6. Nge2 c6 7. a4 a5 8. h3 Qc7
9. Be3 Nbd7 10. O-O Rb8 11. g4 b5 12. Ng3 b4 13. Nce2 Ba6 14. Qd2 Rfd8 15. f4 c5
16. g5 Ne8 17. Rf2 Nb6 18. b3 c4 19. f5 f6 20. fxg6 hxg6 21. Nf4 Kf7 22. Qe2 Qc8
23. Nxg6 Qd7 24. Qh5 Kg8 25. Nf5 e6 26. Nfe7+ Kf7 27. Ne5+ Kxe7 28. Qf7# 1-0

[Event "Reykjavik Open 2015"]
[Site "Reykjavik ISL"]
[Date "2015.03.14"]
[Round "6.74"]
[White "Kjartansson, Dagur"]
[Black "Tolhuizen, Ludo"]
[Result "1/2-1/2"]
[WhiteElo "1756"]
[BlackElo "2123"]
[WhiteFideId "2303299"]
[BlackFideId "1000802"]
[EventDate "2015.03.10"]

1. c4 e6 2. Nc3 d5 3. cxd5 exd5 4. d4 c6 5. Nf3 Bf5 6. Bf4 Nf6 7. e3 Qb6 8. Qc1
h6 9. Be2 Nbd7 10. h3 Be7 11. O-O O-O 12. a3 a5 13. Na4 Qd8 14. Nc5 Nxc5 15.
dxc5 a4 16. Nd4 Bg6 17. b4 axb3 18. Nxb3 Ra4 19. Rd1 Nd7 20. Rd4 Qa8 21. Ra2 Qa7
22. Bg4 Nf6 23. Bd1 Ra8 24. Rxa4 Qxa4 25. Be5 Nd7 26. Bc3 Qa7 27. Bd4 Qb8 28. a4
Qc7 29. Bc2 Bxc2 30. Qxc2 Nf8 31. a5 Ne6 32. Qc3 Re8 33. a6 Nxd4 34. exd4 bxa6
35. Rxa6 Bf6 36. g3 Re4 37. Qd3 g6 38. Kg2 Kg7 39. Rb6 h5 40. Qd2 Qd7 41. Qd3
Qc7 42. Rb4 Qd7 1/2-1/2

[Event "Reykjavik Open 2015"]
[Site "Reykjavik ISL"]
[Date "2015.03.14"]
[Round "6.75"]
[White "Risting, Eivind Olav"]
[Black "Machado, Eduardo Ribeiro"]
[Result "1-0"]
[WhiteElo "2100"]
[BlackElo "1818"]
[WhiteFideId "1517333"]
[BlackFideId "2140608"]
[EventDate "2015.03.10"]

1. Nf3 Nf6 2. g3 d5 3. Bg2 c6 4. O-O Bg4 5. d3 Nbd7 6. Nbd2 e6 7. e4 Be7 8. Re1
O-O 9. e5 Ne8 10. h3 Bh5 11. g4 Bg6 12. Nf1 Nc7 13. Ng3 f6 14. exf6 Bxf6 15. Qe2
Qe7 16. g5 Qc5 17. gxf6 Rxf6 18. Bg5 Rf7 19. c3 e5 20. Nxe5 Nxe5 21. d4 1-0

[Event "Reykjavik Open 2015"]
[Site "Reykjavik ISL"]
[Date "2015.03.14"]
[Round "6.76"]
[White "Van den Bersselaar, Jeroen"]
[Black "Sibiya, Ruddy T"]
[Result "1-0"]
[WhiteElo "2083"]
[BlackElo "1784"]
[WhiteFideId "1006282"]
[BlackFideId "14308711"]
[EventDate "2015.03.10"]

1. d4 d5 2. c4 e6 3. Nf3 f5 4. Bf4 c6 5. e3 Nf6 6. Nc3 Be7 7. Qc2 Ne4 8. Bd3 O-O
9. g4 Qa5 10. Ke2 Nxc3+ 11. bxc3 Qd8 12. Rhg1 Kh8 13. Rg3 g6 14. Rag1 Nd7 15.
cxd5 cxd5 16. gxf5 exf5 17. Rh3 Qb6 18. c4 dxc4 19. Bxc4 Bd8 20. Ne5 Nxe5 21.
Bxe5+ Bf6 22. Rxg6 1-0

[Event "Reykjavik Open 2015"]
[Site "Reykjavik ISL"]
[Date "2015.03.14"]
[Round "6.78"]
[White "Stray, Gunnar"]
[Black "De Winter, Eric"]
[Result "1-0"]
[WhiteElo "2065"]
[BlackElo "1776"]
[WhiteFideId "1501631"]
[BlackFideId "1033069"]
[EventDate "2015.03.10"]

1. d4 Nf6 2. Nf3 d5 3. g3 Bf5 4. Bg2 e6 5. O-O Be7 6. Nbd2 Nbd7 7. b3 O-O 8. Bb2
h6 9. c4 c6 10. Ne5 Ng4 11. e4 Ngxe5 12. dxe5 dxe4 13. Nxe4 Bxe4 14. Bxe4 Qc7
15. Qe2 Nc5 16. Bc2 a5 17. f4 f5 18. exf6 Bxf6 19. Be5 Bxe5 20. fxe5 Qe7 21. Rf4
Rxf4 22. gxf4 Qh4 23. Qe3 b6 24. Rf1 Rf8 25. Kh1 Qh5 26. a3 Nd7 27. Rg1 Rf5 28.
Qg3 1-0

[Event "Reykjavik Open 2015"]
[Site "Reykjavik ISL"]
[Date "2015.03.14"]
[Round "6.79"]
[White "Lux, Gregory"]
[Black "Miszkielo, Bartosz"]
[Result "1/2-1/2"]
[WhiteElo "2065"]
[BlackElo "1694"]
[WhiteFideId "619280"]
[BlackFideId "1185160"]
[EventDate "2015.03.10"]

1. Nf3 Nf6 2. b3 c5 3. Bb2 d5 4. e3 Nc6 5. Bb5 Bd7 6. O-O a6 7. Bxc6 Bxc6 8. Ne5
Qc7 9. f4 e6 10. f5 Bd6 11. Nxc6 Bxh2+ 12. Kh1 bxc6 13. fxe6 Be5 14. exf7+ Kf8
15. Nc3 h5 16. Rf5 Ng4 17. Ba3 Bf6 18. Bxc5+ Kxf7 19. g3 Qxg3 20. Qe2 Qh3+ 21.
Kg1 Nxe3 22. Rf3 Qg4+ 23. Kh1 Qh4+ 24. Kg1 Qg4+ 25. Kh1 Qh4+ 26. Kg1 Qg4+ 1/2-1/2

[Event "Reykjavik Open 2015"]
[Site "Reykjavik ISL"]
[Date "2015.03.14"]
[Round "6.80"]
[White "Schou-Moldt, Thomas"]
[Black "Magnusdottir, Veronika Steinunn"]
[Result "1-0"]
[WhiteElo "2211"]
[BlackElo "1571"]
[WhiteFideId "1401297"]
[BlackFideId "2309114"]
[EventDate "2015.03.10"]

1. e4 c5 2. Nf3 d6 3. Bb5+ Bd7 4. a4 Nc6 5. d4 cxd4 6. Nxd4 Nf6 7. Nc3 g6 8. O-O
Bg7 9. Re1 Rc8 10. Nxc6 Bxc6 11. Bg5 O-O 12. Nd5 e6 13. Nc3 Qc7 14. Ra3 a6 15.
Bxc6 Qxc6 16. a5 Nd7 17. f4 f6 18. Bh4 Rb8 19. Bf2 Nc5 20. b4 Nd7 21. Na4 b5 22.
axb6 Rb7 23. c4 Qxc4 24. Qxd6 Re8 25. Rc3 Qb5 26. Qc6 Rbb8 27. Rd1 Re7 28. Qxb5
axb5 29. Rc7 Bf8 30. Rdxd7 Rxd7 31. Rxd7 bxa4 32. Bc5 a3 33. Ra7 1-0

[Event "Reykjavik Open 2015"]
[Site "Reykjavik ISL"]
[Date "2015.03.14"]
[Round "6.81"]
[White "Johansen, Lars"]
[Black "Wahlbom, Magnus"]
[Result "0-1"]
[WhiteElo "1855"]
[BlackElo "2278"]
[WhiteFideId "1506455"]
[BlackFideId "1700685"]
[EventDate "2015.03.10"]

1. e4 c5 2. Nf3 e6 3. d4 cxd4 4. Nxd4 Nf6 5. Nc3 d6 6. g4 h6 7. f4 Nc6 8. Be2
Nxd4 9. Qxd4 a6 10. h4 Qc7 11. Qg1 d5 12. exd5 Bb4 13. Qd4 Bxc3+ 14. bxc3 exd5
15. Ba3 Bxg4 16. Qe5+ Kd8 17. Bd6 Qd7 18. Bxg4 Nxg4 19. Qxg7 Re8+ 20. Kd2 f5 21.
Qxd7+ Kxd7 22. Bc5 Re4 23. Rhf1 Rae8 24. Rae1 Nh2 25. Rf2 Rxe1 26. Rxh2 R1e4 27.
Rf2 Rg8 28. Bd4 Rg4 29. h5 Rexf4 30. Rxf4 Rxf4 31. Be3 Rh4 32. Bxh6 Rxh5 33. Bf4
Rh3 34. Be5 Ke6 35. Bd4 f4 36. Ke2 Kf5 37. a4 Ke4 38. a5 Rh2+ 39. Bf2 Rg2 40.
Kf1 Kf3 0-1

[Event "Reykjavik Open 2015"]
[Site "Reykjavik ISL"]
[Date "2015.03.14"]
[Round "6.82"]
[White "Arnold, Max"]
[Black "Marshall, Michael"]
[Result "1-0"]
[WhiteElo "2189"]
[BlackElo "1844"]
[WhiteFideId "24682810"]
[BlackFideId "1409956"]
[EventDate "2015.03.10"]

1. e4 c5 2. Nf3 e6 3. d3 g6 4. d4 cxd4 5. Qxd4 f6 6. Be3 Nc6 7. Qd2 Bg7 8. Nc3
Nge7 9. Bh6 O-O 10. O-O-O a6 11. h4 b5 12. Bxg7 Kxg7 13. h5 b4 14. hxg6 hxg6 15.
Qh6+ Kf7 16. Qh7+ Ke8 17. Na4 Qc7 18. Kb1 d6 19. Qg7 g5 20. Rh8 Rxh8 21. Qxh8+
Kf7 22. Bc4 Qd8 23. Qh5+ Kf8 24. Nc5 d5 25. Qh6+ Kf7 26. exd5 exd5 27. Qh7+ Kf8
28. Bb3 Ra7 29. Nd4 Nxd4 30. Qh8+ Ng8 31. Rxd4 Re7 32. a4 Re5 33. Nd3 Qb6 34.
Rxb4 Qd6 35. Rd4 Qc5 1-0

[Event "Reykjavik Open 2015"]
[Site "Reykjavik ISL"]
[Date "2015.03.14"]
[Round "6.83"]
[White "Andersen, Dag"]
[Black "Zhou, Qiyu"]
[Result "1-0"]
[BlackTitle "WFM"]
[WhiteElo "1843"]
[BlackElo "2182"]
[WhiteFideId "1504568"]
[BlackFideId "505161"]
[EventDate "2015.03.10"]

1. d4 Nf6 2. Nf3 e6 3. Bg5 d5 4. e3 Be7 5. Nbd2 O-O 6. Bd3 Nbd7 7. O-O b6 8. Qe2
c5 9. c3 Bb7 10. Rfe1 Ne4 11. Bxe7 Qxe7 12. Rac1 Rac8 13. Bb1 Rfd8 14. Red1 a6
15. dxc5 Nxd2 16. Nxd2 bxc5 17. e4 d4 18. cxd4 cxd4 19. f4 e5 20. f5 Nc5 21. Rf1
Rd6 22. Qg4 Rh6 23. g3 Rhc6 24. b3 f6 25. Nc4 Qd7 26. Na5 R6c7 27. Nxb7 Nxb7 28.
Rxc7 Qxc7 29. Bd3 Qa5 30. Qe2 Nc5 31. Rc1 Rd8 32. Rc2 Kh8 33. Qf1 Qa3 34. g4 h6
35. h4 a5 36. g5 a4 37. gxf6 gxf6 38. Bc4 axb3 39. axb3 Nxe4 40. Qg2 Qa7 41. Kh2
Nd6 42. Ra2 Qb7 43. Bd5 Qh7 44. Be6 Nxf5 45. Ra8 Rxa8 46. Qxa8+ Kg7 47. Qb7+ Kh8
48. Qc8+ Kg7 49. Qb7+ Kh8 50. Qc8+ Kg7 51. Bxf5 Qg8 52. Qxg8+ Kxg8 53. b4 Kf7
54. Kg2 Ke7 55. Kf3 Kd6 56. Be4 Ke6 57. Ke2 f5 58. Bc6 e4 59. Kd2 Kd6 60. b5 Kc5
61. h5 Kb6 62. Ke2 Kc5 63. Kd2 Kb6 64. Ke2 1-0

[Event "Reykjavik Open 2015"]
[Site "Reykjavik ISL"]
[Date "2015.03.14"]
[Round "6.84"]
[White "Halldorsson, Bragi"]
[Black "Milvang, Otto"]
[Result "1-0"]
[WhiteElo "2140"]
[BlackElo "1872"]
[WhiteFideId "2300907"]
[BlackFideId "1511360"]
[EventDate "2015.03.10"]

1. d4 f5 2. g3 Nf6 3. Bg2 e6 4. Nf3 d5 5. c4 c6 6. O-O Bd6 7. b3 Qe7 8. Qc2 O-O
9. Ne5 Bd7 10. Bb2 Be8 11. Nd2 Nbd7 12. Nd3 e5 13. dxe5 Nxe5 14. cxd5 cxd5 15.
Nxe5 Bxe5 16. Bxe5 Qxe5 17. Nf3 Qe4 18. Qd2 Rc8 19. Nd4 Qe5 20. f4 Ne4 21. fxe5
Nxd2 22. Bxd5+ Kh8 23. Rxf5 Rxf5 24. Nxf5 b6 25. Rd1 Rc2 26. e6 Bb5 27. e7 g6
28. Nd4 1-0

[Event "Reykjavik Open 2015"]
[Site "Reykjavik ISL"]
[Date "2015.03.14"]
[Round "6.85"]
[White "Gonzalez Gonzalez, Alfonso"]
[Black "Arroyo Figuero, Fernando"]
[Result "1-0"]
[WhiteElo "2122"]
[BlackElo "1835"]
[WhiteFideId "2223007"]
[BlackFideId "22218769"]
[EventDate "2015.03.10"]

1. c4 Nf6 2. g3 e6 3. Bg2 d5 4. Nf3 Be7 5. O-O O-O 6. b3 c5 7. Nc3 Nc6 8. d3 b6
9. Bb2 Bb7 10. Rc1 d4 11. Nb1 Qc7 12. e4 dxe3 13. fxe3 Rad8 14. Qe2 Nb4 15. Rcd1
Nc6 16. Na3 a6 17. Nc2 Rd7 18. e4 e5 19. Bh3 Rdd8 20. Ne3 Bc8 21. Bxc8 Rxc8 22.
Nd5 Nxd5 23. exd5 Nd4 24. Qxe5 Bd6 25. Qg5 h6 26. Qg4 f5 27. Qh3 Ne2+ 28. Kg2 f4
29. Qe6+ Rf7 30. Qxe2 fxg3 31. Qe6 Kh7 32. Ng5+ hxg5 33. Rxf7 1-0

[Event "Reykjavik Open 2015"]
[Site "Reykjavik ISL"]
[Date "2015.03.14"]
[Round "6.86"]
[White "Strand, Kjetil"]
[Black "Haraldsson, Sigurjon"]
[Result "1-0"]
[WhiteElo "2037"]
[BlackElo "1833"]
[WhiteFideId "1503111"]
[BlackFideId "2303655"]
[EventDate "2015.03.10"]

1. e4 e5 2. Nf3 Nc6 3. Bb5 a6 4. Ba4 Nf6 5. O-O b5 6. Bb3 Be7 7. Re1 O-O 8. c3
d6 9. d3 Na5 10. Bc2 c5 11. Nbd2 Qc7 12. Nf1 Bd7 13. Ng3 Rfe8 14. h3 h6 15. Nh4
Bf8 16. Nhf5 Kh7 17. Qf3 Bxf5 18. Qxf5+ Kg8 19. Bxh6 Re6 20. Bd2 c4 21. d4 g6
22. Qf3 Nd7 23. Nf5 exd4 24. Nxd4 Rf6 25. Qg3 Nc6 26. Nf5 Re8 27. Bh6 Rxf5 28.
Bxf8 Rfe5 29. Bh6 Nf6 30. Qf3 R5e6 31. Re3 Nh5 32. Rae1 Ne5 33. Qd1 f6 34. g4
Qh7 35. gxh5 Qxh6 36. hxg6 Kg7 37. Rg3 f5 38. exf5 Nf3+ 39. Qxf3 Rxe1+ 40. Kg2
Kf6 41. Qd5 Qf8 42. g7 1-0

[Event "Reykjavik Open 2015"]
[Site "Reykjavik ISL"]
[Date "2015.03.14"]
[Round "6.87"]
[White "Thiry, Jean-Christophe"]
[Black "Borg, Flemming"]
[Result "1-0"]
[WhiteElo "2031"]
[BlackElo "1828"]
[WhiteFideId "209015"]
[BlackFideId "1505823"]
[EventDate "2015.03.10"]

1. d4 d6 2. Bf4 f5 3. Nf3 Nf6 4. c4 g6 5. Nc3 Bg7 6. h3 O-O 7. e3 Qe8 8. Be2 h6
9. d5 e5 10. dxe6 Bxe6 11. O-O Nbd7 12. Nb5 Qc8 13. Qc2 Ne8 14. Nfd4 Bf7 15.
Rac1 a6 16. Nc3 Nc5 17. b4 Ne6 18. Nxe6 Qxe6 19. Bd3 Bxc3 20. Qxc3 g5 21. Bh2
Bg6 22. Rfe1 Kh7 23. f3 Qf7 24. e4 f4 25. Kf1 Nf6 26. Bg1 Nd7 27. a3 Ne5 28. c5
Nxd3 29. Qxd3 dxc5 30. Bxc5 Rfd8 31. Qc3 Rd7 32. Bd4 c6 33. Bb6 h5 34. Red1 Rf8
35. Rd3 Qe6 36. Rcd1 Rff7 37. Bc5 g4 38. Rd6 Rxd6 39. Rxd6 gxh3 40. Rxe6 h2 41.
Qe5 h1=Q+ 42. Kf2 Qh4+ 43. Ke2 Rg7 44. Bd4 Rg8 45. Bf2 Qh2 46. Qg5 Rg7 47. Bd4
Qg3 48. Qxg3 fxg3 49. Bxg7 Kxg7 50. Re7+ Kf6 51. Rxb7 1-0

[Event "Reykjavik Open 2015"]
[Site "Reykjavik ISL"]
[Date "2015.03.14"]
[Round "6.88"]
[White "Cabello Aguilar, Enrique"]
[Black "Stuhr, Finn"]
[Result "1-0"]
[WhiteElo "2015"]
[BlackElo "1823"]
[WhiteFideId "2231115"]
[BlackFideId "1400789"]
[EventDate "2015.03.10"]

1. d4 Nf6 2. c4 e6 3. g3 d5 4. Bg2 c5 5. cxd5 Nxd5 6. Nf3 Nc6 7. O-O Qb6 8. e4
Nf6 9. d5 Nd8 10. Nc3 Be7 11. Qc2 O-O 12. Be3 exd5 13. exd5 g6 14. Rac1 Bf5 15.
Qd2 Rc8 16. Ne5 Qc7 17. Nc4 Ne8 18. Bf4 Nd6 19. Bxd6 Bxd6 20. Nb5 Bf4 21. gxf4
Qd7 22. a4 Bh3 23. Ne5 Qf5 24. Nd6 Qh5 25. Bxh3 Qxh3 26. Rc3 1-0